000 00618nam a2200217Ia 4500
003 OSt
005 20220927105530.0
006 a|||||r|||| 00| 0
007 ta
008 220926b |||||||| |||| 00| 0 eng d
024 _a170371
037 _cReference Collections
040 _aRTL
_cRTL
_beng
041 _2eng
_aeng
082 _a"X9(J7).73.N90r, N0"
245 0 _aD U Pont Annual Report 1990.
260 _aWilmington
_bE.I.du pont de Nemours and company
_c1990
300 _a52p.
_ccm.
942 _h"X9(J7).73.N90r, N0"
_cCC
999 _c692881
_d692881